000 00638nam a22001817a 4500
003 0
005 20230619132147.0
008 230619b xxu||||| |||| 00| 0 eng d
020 _a978-0-375-85653-2
082 _aFic.
_b.Os73 2010
245 _aA ghost tale for Christmas time
_cMary Pope Osborne
260 _aNew York City
_bRandom House, Inc.
_cc2010
300 _a113pp.
_bill.
_c19cm.
500 _aTime travel-Fiction.
500 _aMagic-Ficiton.
520 _aJack and Annie travel back to Victorian London when Merlin asks them to use their magic to inspire Charles Dickens to write "A Christmas Carol".
942 _2ddc
_cBK
999 _c365022
_d365022